| 000 | 01206cam a2200229 4500 | ||
|---|---|---|---|
| 001 | ABS67207 | ||
| 008 | 031029n2003 000 0 eng u | ||
| 035 | _a(Sirsi) u124169 | ||
| 100 | _aWebster, J. | ||
| 245 | _aNew times, new challenges for farm management | ||
| 260 | _c2003 | ||
| 490 |
_aFarm Management _v11(9) July 2003, 553-566(8) |
||
| 520 | _aExplores some of the challenges facing practitioners and students of the subject of farm management. The first part of the paper analyses the drivers of change in the environment within which managers have to operate. Technological change, input and product market changes and policy changes are each identified and discussed. The second part investigates the limitations of the conventional model of risky decision making. Argues that since many farmers face decisions which have serious consequences and are often irreversible, these limitations merit critical examination and research. (Taken from journal headnote). | ||
| 590 | _aABS | ||
| 650 | _aFARM MANAGEMENT | ||
| 650 | _aFARM INCOMES | ||
| 650 | _aTECHNICAL INFORMATION | ||
| 650 | _aRISK | ||
| 650 | _aDECISION MAKING | ||
| 690 | _aRURAL-FARM BUSINESS MANAGEMENT | ||
| 942 | _n0 | ||
| 999 |
_c73703 _d73703 |
||